Ugetsu monogatari ; Harusame monogatari.

Saved in:
நூற்பட்டியல் விவரங்கள்
மற்ற எழுத்தாளர்கள்: Ueda, Akinari, 1734-1809.
வடிவம்: புத்தகம்
மொழி:Japanese
வெளியீடப்பட்டது: Tōkyō : Gendai Shichōsha, [between 1973 and 1974]
தொகுதி:Nihon fushigi monogatari shūsei ; 8.
பகுதிகள்:
குறியீடுகள்: குறிச்சொல் இணை
குறியீடுகள் இல்லை, இந்த குறிச்சொல்லை முதலில் பதிவு செய்யுங்கள்!
LEADER 01076nam a2200289ui 4500
001 007711044-7
005 20024617122053.0
008 980217q19731974ja 000 1 jpn d
035 0 |a ocm38451918 
040 |a *YNH*  |c *YNH*  |d CStRLIN 
245 0 0 |6 880-01  |a Ugetsu monogatari ;  |b Harusame monogatari. 
260 |6 880-02  |a Tōkyō :  |b Gendai Shichōsha,  |c [between 1973 and 1974] 
300 |a 1 v. ;  |c 27 cm. 
490 1 |6 880-03  |a Nihon fushigi monogatari shūsei ;  |v 8 
650 0 |a Japanese fiction. 
650 0 |a Fantasy fiction. 
700 1 2 |6 880-04  |a Ueda, Akinari,  |d 1734-1809.  |t Harusame monogatari. 
740 0 2 |6 880-05  |a Harusame monogatari. 
880 0 0 |6 245-01  |a 雨月物語 ;  |b 春雨物語. 
880 |6 260-02  |a 東京 :  |b 現代思潮社,  |c [between 1973 and 1974] 
880 1 |6 490-03  |a 日本不思議物語集成 ;  |v 8 
880 1 2 |6 700-04  |a 上田秋成,  |d 1734-1809.  |t 春雨物語. 
880 0 2 |6 740-05  |a 春雨物語. 
830 0 |6 880-53  |a Nihon fushigi monogatari shūsei ;  |v 8. 
880 0 |6 830-53  |a 日本不思議物語集成 ;  |v 8. 
988 |a 20021221 
906 |0 MH